2024–25 UEFA Women's Champions League Teams - Statistics

General Stats
  • This quiz has been taken 31 times
  • The average score is 12 of 16
Answer Stats
Answer % Correct
Barcelona
100%
Arsenal
96%
Chelsea
96%
Real Madrid
96%
Bayern Munich
93%
Juventus
93%
Manchester City
93%
Olympique Lyonnais
93%
VfL Wolfsburg
86%
Roma
82%
Celtic
64%
Galatasaray
57%
Hammarby
46%
Twente
46%
St. Pölten
43%
Vålerenga
39%
No matching quizzes found
Score Distribution
Percent of People with Each Score
Percentile by Number Answered
Your Score History
You have not taken this quiz